• 首页
  • 本馆介绍
  • 公告通知
  • 最新文献
  • 馆藏检索
  • 电子资源
  • 读者导购
  • 参考咨询
  • 我的图书馆
  • 登录
  • 详细信息显示
  • 放入我的书架
  • 预约/预借图书
  • 作者相关作品
  • 分类相关作品
  • 丛书相关作品
  • 出版社相关作品

书目信息

  • 表格格式
  • 工作单格式
  • 卡片格式
题名:
线性代数附册学习辅导与习题选解
    
 
作者: ;同济大学 编
分册:  
出版信息: 北京   高等教育出版社  2014
页数: 196页
开本: 23cm
丛书名: 大学数学学习辅导丛书
单 册:
中图分类: O151.2 , O151.2-44
科图分类:
主题词: 线性代数--xian xing dai shu--高等学校--教学参考资料
电子资源:
ISBN: 978-7-04-039689-8
000 01073nam 2200289 45
001 012001000809
005 20131106174117.0
010    @a978-7-04-039689-8@dCNY26.70
099    @aCAL 012014110546
100    @a20140923d2014 em y0chiy50 ea
101 0  @achi
102    @aCN@b110000
105    @aa z 000yy
106    @ar
200 1  @a线性代数附册学习辅导与习题选解@Axian xing dai shu fu ce xue xi fu dao yu xi ti xuan jie@e同济·第六版@f同济大学应用数学系编
210    @a北京@c高等教育出版社@d2014
215    @a196页@c图@d23cm
225 2  @a大学数学学习辅导丛书@Ada xue shu xue xue xi fu dao cong shu
311    @a本书是与同济大学应用数学系编的《线性代数》第六版相配套的学习辅导书
410  0 @12001@a大学数学学习辅导丛书
488  0 @12001@a线性代数@1205@a第6版@1210@c高等教育出版社
606 0  @a线性代数@Axian xing dai shu@x高等学校@j教学参考资料
690    @aO151.2@v5
690    @aO151.2-44@v5
711 02 @a同济大学@Atong ji da xue@b应用数学系@BYing Yong Shu Xue Xi@4编
801  0 @aCN@b北京卓展文化@c20191020
905    @b1196884-7@dO151.2@e403@f4
    
    线性代数附册学习辅导与习题选解:同济·第六版/同济大学应用数学系编.-北京:高等教育出版社,2014
    196页:图;23cm.-(大学数学学习辅导丛书)
    
    
    ISBN 978-7-04-039689-8:CNY26.70
    
●
相关链接 在E读中查询图书 在五车中查询图书 在当当中查询图书 在豆瓣中查询图书


正题名:线性代数附册学习辅导与习题选解     索取号:O151.2/403         预约/预借

序号 登录号 条形码 馆藏地/架位号 状态 备注
1 1196884   211968842   第二样本阅览室/ [索取号:O151.2/403] 在馆    
2 1196885   211968851   第三借阅区/ [索取号:O151.2/403] 在馆    
3 1196886   211968860   第三借阅区/ [索取号:O151.2/403] 在馆    
4 1196887   211968879   第三借阅区/ [索取号:O151.2/403] 在馆    
唐山师范学院图书馆 欢迎您!
大连网信软件有限公司© 版权所有